000 00357nam a22001337a 4500
008 250604b |||||||| |||| 00| 0 eng d
020 _a97899351117988
050 _aQP 519.7
_b.M 33
100 _aMaddina, Balaji yadav
245 _aPrinciples and techniques of biochemical techniques
260 _aIndia
_bRandom publication
300 _a286p
942 _cBK
999 _c3760
_d3760